Amplificadores operacionales y circuitos integrados lineales.

Bibliographic Details
Main Authors: Coughilin, Robert F., Driscoll, Frederick F
Format: Section = Libro
Language:Undetermined
Spanish
Published: México Prentice Hall 1993
Edition:4a.ed.
Subjects:
LEADER 00619nam a2200217Ia 4500
008 240829s9999 xx 000 0 und d
020 |a 968-880-284-0 
040 |a BIBLIOTECA-RUSB/ 621.38412 C854 
041 |a spa 
082 |a 621.38412 C854 
100 1 |a Coughilin, Robert F.  
100 1 |b Driscoll, Frederick F 
245 1 0 |a Amplificadores operacionales y circuitos integrados lineales. 
250 |a 4a.ed. 
260 |a México  |b Prentice Hall  |c 1993 
300 |a 538 p. :il. 
650 7 |a AMPLIFICADORES OPERACIONALES 
650 7 |b  CIRCUITOS INTEGRADOS LINEALES  
942 |c BK  |2 ddc 
991 |a TEXTO 
999 |c 3515